WEICON. Špeciálne produkty pre výrobu, opravy, ošetrovanie a údržbu. Prehľad programu.

Uloženo v:
Podrobná bibliografie
Médium: Kniha
Jazyk:slovenština
Vydáno: [S.l.] : [s.n.], 2007
Vydání:[1. vyd.]
Témata:
On-line přístup: Získat plný text
Tagy: Přidat tag
Žádné tagy, Buďte první, kdo vytvoří štítek k tomuto záznamu!

MARC

LEADER 00000nam a2200000 4500
003 SK-BrCVT
005 20220617222525.0
008 070430s2007 xo e ||||||slo d
035 |a CVTIDW1405757 
040 |b slo  |a CVTI SR  |e AACR2 
041 0 |a slo 
044 |a xo 
080 |a 665.93  |2 UDC-MRF 
080 |a 62-762  |2 UDC-MRF 
080 |a 621.892  |2 UDC-MRF 
110 2 |a ALTIS Slovakia (Martin, Slovenská republika)  |4 mfr 
245 1 0 |a WEICON. Špeciálne produkty pre výrobu, opravy, ošetrovanie a údržbu. Prehľad programu. 
250 |a [1. vyd.] 
260 |a [S.l.] :  |b [s.n.],  |c 2007 
300 |a 43 s. :  |b obr. ; 
653 1 |a lepidlo  |a tesniaca hmota  |a technický sprej  |a mazivá  |a odizolovacie náradie 
655 4 |a FVP 
910 |b F026868 
959 |a 6105 
959 |a 5504 
974 |f Firemná literatúra 
992 |a FVP 
999 |c 151634  |d 151634